How do dinosaurs go to school? / (Record no. 114649)
[ view plain ]
| 000 -LEADER | |
|---|---|
| fixed length control field | 00506nam a2200157 a 4500 |
| 005 - DATE AND TIME OF LATEST TRANSACTION | |
| control field | 20140414132107.0 |
| 008 - FIXED-LENGTH DATA ELEMENTS--GENERAL INFORMATION | |
| fixed length control field | 110107s19uu xx 00 eng d |
| 050 ## - LIBRARY OF CONGRESS CALL NUMBER | |
| Classification number | BB |
| Item number | H83 2007 |
| 100 ## - MAIN ENTRY--PERSONAL NAME | |
| Personal name | Yolen, Jane |
| 245 ## - TITLE STATEMENT | |
| Title | How do dinosaurs go to school? / |
| Statement of responsibility, etc | Jane Yolen ; illustrated by Mark Teague. |
| 260 ## - PUBLICATION, DISTRIBUTION, ETC. (IMPRINT) | |
| Place of publication, distribution, etc | New York : |
| Name of publisher, distributor, etc | Scholastic, |
| Date of publication, distribution, etc | 2007. |
| 520 ## - SUMMARY, ETC. | |
| Summary, etc | Explains how little dinosaurs should behave during a typical school day. |
| 650 ## - SUBJECT ADDED ENTRY--TOPICAL TERM | |
| Topical term or geographic name as entry element | Dinosaurs |
| 650 ## - SUBJECT ADDED ENTRY--TOPICAL TERM | |
| Topical term or geographic name as entry element | Behavior to school |
| Withdrawn status | Lost status | Damaged status | Use restrictions | Home library | Current library | Shelving location | Date acquired | Total Checkouts | Full call number | Barcode | Date last seen | Price effective from | Koha item type |
|---|---|---|---|---|---|---|---|---|---|---|---|---|---|
| Munich Library | Munich Library | Big Books Section | 01/22/2011 | BB H83 2007 | M6523 | 04/14/2014 | 04/14/2014 | Books |